Т. 1; Научная инициатива иностранных студентов и аспирантов российских вузов

Λεπτομέρειες βιβλιογραφικής εγγραφής
Parent link:Научная инициатива иностранных студентов и аспирантов российских вузов: сборник докладов VI Всероссийской научно-практической конференции, г. Томск, 24-26 апреля 2014 г./ Ассоциация иностранных студентов в России (АИС) ; Национальный исследовательский Томский политехнический университет (ТПУ), Институт международного образования и языковой коммуникации (ИМОЯК). Т. 1.— , 2013
Περίληψη:В сборник включены доклады VI Всероссийской научно-практической конференции "Научная инициатива иностранных студентов и аспирантов российских вузов". Все статьи разделены по направлениям: (1) Медико-биологическое направление; (2) Естественно-научное направление; (3) Тех­ническое направление. Сборник представляет интерес для специалистов и исследователей в области математики, физики, химии, геологии, биологии и медицины.
Γλώσσα:Ρωσικά
Αγγλικά
Έκδοση: 2013
Θέματα:
Μορφή: MixedMaterials Βιβλίο
KOHA link:https://koha.lib.tpu.ru/cgi-bin/koha/opac-detail.pl?biblionumber=289851

MARC

LEADER 00000nam2a2200000 4500
001 289851
005 20231102000227.0
035 |a (RuTPU)RU\TPU\book\314372 
090 |a 289851 
100 |a 20150402d2013 k y0rusy50 ca 
101 0 |a rus  |a eng 
102 |a RU 
105 |a a z 101zy 
200 0 |a Т. 1 
210 |d 2013 
215 |a 512 с.  |c ил. 
320 |a Библиогр. в конце докл. 
330 |a В сборник включены доклады VI Всероссийской научно-практической конференции "Научная инициатива иностранных студентов и аспирантов российских вузов". Все статьи разделены по направлениям: (1) Медико-биологическое направление; (2) Естественно-научное направление; (3) Тех­ническое направление. Сборник представляет интерес для специалистов и исследователей в области математики, физики, химии, геологии, биологии и медицины. 
461 1 |0 (RuTPU)RU\TPU\book\308197  |t Научная инициатива иностранных студентов и аспирантов российских вузов  |o сборник докладов VI Всероссийской научно-практической конференции, г. Томск, 24-26 апреля 2014 г.  |o в 2 т.  |f Ассоциация иностранных студентов в России (АИС) ; Национальный исследовательский Томский политехнический университет (ТПУ), Институт международного образования и языковой коммуникации (ИМОЯК)  |v Т. 1  |d 2013 
606 1 |a Технические университеты  |x Общие вопросы  |2 stltpush  |3 (RuTPU)RU\TPU\subj\68014  |9 83567 
606 1 |a Студенты  |x Научно-исследовательская работа  |2 stltpush  |3 (RuTPU)RU\TPU\subj\68806  |9 83939 
610 1 |a высшее образование 
610 1 |a российские вузы 
610 1 |a иностранные студенты 
610 1 |a аспиранты 
610 1 |a медико-биологические науки 
610 1 |a естественно-научные знания 
610 1 |a техническое образование 
610 1 |a научно-исследовательская деятельность 
610 1 |a социальные науки 
610 1 |a экономика 
610 1 |a медицина 
610 1 |a биология 
610 1 |a химическая технология 
610 1 |a материалы конференций 
610 1 |a труды учёных ТПУ 
686 |a Ч484(2)72л0  |v LBC/SL-A  |2 rubbk 
686 |a Ч481.268л0  |v LBC/SL-A  |2 rubbk 
801 1 |a RU  |b 63413507  |c 20150402 
801 2 |a RU  |b 63413507  |c 20150410  |g RCR 
942 |c BK